| 000 | 00987nam a2200277 i 4500 | ||
|---|---|---|---|
| 001 | 184528 | ||
| 003 | ES-MaACL | ||
| 005 | 20250809231730.0 | ||
| 008 | 151016s2009 sp d |||| | spa d | ||
| 020 | _a978-84-323-1382-0 | ||
| 080 | _a338.1(8=134) | ||
| 080 | _a308(8=134) | ||
| 245 | 0 | 0 |
_aIberoamérica 2020 _b: retos ante la crisis / _cFelipe González (ed.) ; [Héctor Aguilar Camín ... et al.]. |
| 250 | _a1ª ed. | ||
| 260 |
_aMadrid : _bFundación Carolina : _bSiglo XXI, _c2009. |
||
| 300 |
_aXXVI, 407 p. : _bgráf. ; _c24 cm. |
||
| 504 | _aReferencias bibliográficas. | ||
| 546 | _aTextos en español y portugués. | ||
| 651 | 4 |
_aAmérica Latina- _xSituación económica _97765 |
|
| 651 | 4 |
_aAmérica Latina- _xSituación social _97766 |
|
| 700 | 1 |
_aGonzález Márquez, Felipe, _d1942- _958780 |
|
| 700 | 1 |
_aAguilar Camín, Héctor, _d1946- _9157912 |
|
| 710 | 2 |
_aFundación Carolina _9147407 |
|
| 852 |
_aES-MaACL _jN-6580 |
||
| 999 |
_c184528 _d184528 |
||